书目信息 |
| 题名: |
土木工程力学
|
|
| 作者: | 王长连 编著 | |
| 分册: | ||
| 出版信息: | 北京 高等教育出版社 2013 |
|
| 页数: | 294页 | |
| 开本: | 26cm | |
| 丛书名: | ||
| 单 册: | ||
| 中图分类: | TU311 | |
| 科图分类: | ||
| 主题词: | 土木工程--工程力学--高等职业教育--教材 , 土木工程 , 工程力学 | |
| 电子资源: | ||
| ISBN: | 978-7-04-037620-3 | |
| 000 | 00886nam0 2200253 450 | |
| 001 | 141625 | |
| 005 | 20141111112426.73 | |
| 010 | @a978-7-04-037620-3@dCNY 29.80 | |
| 100 | @a20130926d2013 em y0chiy50 ea | |
| 101 | 0 | @achi |
| 102 | @aCN@b110000 | |
| 105 | @ay z 000yy | |
| 200 | 1 | @a土木工程力学@9tu mu gong cheng li xue@b专著@e少学时@f王长连编著 |
| 210 | @a北京@c高等教育出版社@d2013 | |
| 215 | @a294页@d26cm | |
| 300 | @a全国高职高专教育规划教材 高职高专土建系列国家级规划教材 | |
| 330 | @a全书分为两篇,包括:杆件的内力、强度与稳定性计算;结构的内力与位移计算。介绍了力学基础知识、静定杆件的内力计算、杆件的应力与强度计算、压杆的稳定性计算等知识。 | |
| 606 | 0 | @a土木工程@x工程力学@x高等职业教育@j教材 |
| 606 | 0 | @a土木工程 |
| 606 | 0 | @a工程力学 |
| 690 | @aTU311@v5 | |
| 701 | 0 | @a王长连@9wang chang lian@4编著 |
| 801 | 0 | @c20141111 |
| 905 | @a241430@dTU311@eW1201 | |
| 土木工程力学:少学时/王长连编著.-北京:高等教育出版社,2013 |
| 294页;26cm |
| 全国高职高专教育规划教材 高职高专土建系列国家级规划教材 |
| ISBN 978-7-04-037620-3:CNY 29.80 |
| 全书分为两篇,包括:杆件的内力、强度与稳定性计算;结构的内力与位移计算。介绍了力学基础知识、静定杆件的内力计算、杆件的应力与强度计算、压杆的稳定性计算等知识。 |
| ● |
| 相关链接 |
|
|
|
正题名:土木工程力学
索取号:TU311/W1201
 
预约/预借
| 序号 | 登录号 | 条形码 | 馆藏地/架位号 | 状态 | 备注 |
| 1 | 0838491 | 208384915 | 建筑库101/101建筑库 77排4列5层/ [索取号:TU311/W1201] | 在馆 | |
| 2 | 0838492 | 208384924 | 建筑库101/101建筑库 78排1列1层/ [索取号:TU311/W1201] | 在馆 | |
| 3 | 0838493 | 208384933 | 建筑库101/101建筑库 77排4列5层/ [索取号:TU311/W1201] | 在馆 |